| 000 | 00657nam a22002172 4500 | ||
|---|---|---|---|
| 001 | 0000001886 | ||
| 005 | 20151217155814.0 | ||
| 008 | 070328s xx 000 0 eng d | ||
| 020 | _a0853020515 : | ||
| 040 |
_aKABU _cKABU |
||
| 050 | 0 |
_aDT443.3 _b.W33M66 |
|
| 100 | 1 |
_aMoore, Sally Falk. _@0000150962 |
|
| 245 | 1 | 4 |
_aThe Chagga and Meru of Tanzania / _cSally Falk Moore and Paul Puritt. |
| 260 |
_aLondon : _bIAI, _c1977. |
||
| 300 | _axii, 140 p. | ||
| 600 | 1 | 0 |
_aWachaga (African people) _@0000150963 |
| 600 | 1 | 0 |
_aMeru (African people) _@0000149273 |
| 908 | _a070328 | ||
| 950 | _@1 | ||
| 999 |
_c12663 _d12663 |
||